[Event "WchT 6th"]
[Site "Beersheba"]
[Date "2005.11.09"]
[Round "8.4"]
[White "Zhang, Zhong"]
[Black "Lputian, Smbat G"]
[Result "1/2-1/2"]
[WhiteElo "2598"]
[BlackElo "2614"]
[Annotator "Psakhis,L"]
[PlyCount "81"]
[EventDate "2005.11.01"]
[EventType "team-tourn"]
[EventRounds "9"]
[EventCountry "ISR"]
[SourceTitle "CBM 110"]
[Source "ChessBase"]
[SourceDate "2006.01.31"]
[SourceVersion "1"]
[SourceVersionDate "2006.01.31"]
[SourceQuality "1"]
[WhiteTeam "China"]
[BlackTeam "Armenia"]
[WhiteTeamCountry "CHN"]
[BlackTeamCountry "ARM"]

1. e4 e6 2. d4 d5 3. Nc3 Bb4 4. e5 c5 5. a3 Bxc3+ 6. bxc3 Ne7 7. a4 Nbc6 8. Nf3
Qa5 9. Bd2 Bd7 10. Bb5 Qc7 11. O-O O-O $5 {I think that this is the best move}
({Quite often Black played also waiting move} 11... h6 {but after} 12. Re1 (12.
Bc1 $5 Na5 13. Ba3 (13. dxc5 $5 {Naumkin,I; Arkhangelsky,D}) 13... Bxb5 (13...
b6 $5 {} 14. dxc5 bxc5 15. Bxd7+ Qxd7 16. Bxc5 O-O $44) 14. axb5 cxd4 (14...
b6 15. dxc5 bxc5 16. Bxc5 Qxc5 17. Rxa5 Nc6 (17... Qxc3 18. Qa1 $1 $16) 18. Ra4
Qxb5 19. Rg4 $1 $40 {>>}) 15. Bd6 Qb6 (15... Qxc3 $2 16. Ra3 $18) 16. Nxd4 $1 {
 1/4g4} Nc4 $1 (16... Ng6 $2 17. Qh5 { []e6}) 17. Qg4 (17. Bxe7 Kxe7 18. Qg4
g6 $13) 17... g6 18. Rfe1 $5 (18. Nxe6 $2 fxe6 19. Qxe6 Rh7 $1) 18... Kd7 $1
$13 19. Qf4 Rh7 20. Bb4 {1/2-1/2 Savon,V-Naumkin,I/Moskva (op) 1991/ChessBase})
12... b6 13. Bd3 (13. Bc1 Na5 14. Bd3 O-O 15. h3 Kh8 16. dxc5 bxc5 17. Nh2 Ng8
18. Ng4 Qd8 19. c4 dxc4 20. Be4 Bc6 21. Qe2 Bxe4 22. Qxe4 Qd5 $132 {Pinkas,
K-Socko,B/Lubniewice 2003}) 13... c4 $146 {This move is definitely better than
the previously played} (13... Nf5 14. Bxf5 exf5 15. c4 Be6 16. cxd5 Bxd5 17. c4
Bxc4 18. Qc2 Bd5 19. Qxf5 cxd4 20. e6 Bxe6 21. Rxe6+ fxe6 22. Qxe6+ Kd8 23. Rc1
Rc8 24. Nxd4 Nxd4 25. Qd5+ Qd7 26. Rxc8+ Kxc8 27. Qa8+ Kc7 28. Bf4+ {1-0
Nygren,D-Kaelveus,J/Avesta 1991/ChessBase (28)}) 14. Bf1 O-O-O 15. g3 Rdf8 16.
Bc1 Rd8 {Too passive!} (16... f6 $5 {was worth consideration, for example:})
17. Ba3 Be8 18. Bg2 (18. Bd6 Rxd6 19. exd6 Qxd6 $13) 18... Kb8 19. Nd2 $36 {
1/2-1/2 Bruzon Bautista,L (2669)-Timman,J (2607)/Curacao m2 2005/CBM 108/
[Psakhis] (21) initiative is in white's hands.}) 12. Re1 ({White can't pretend
for advantage after} 12. Bc1 b6 13. Ba3 Na5 14. dxc5 Bxb5 (14... bxc5 $5) 15.
cxb6 axb6 16. axb5 Rfc8 17. Bb4 (17. Bd6 Qd7 18. Nd4 Ng6 19. Qe2 (19. f4 Nc4
20. Rxa8 Rxa8 21. Qe1 Nxd6 22. exd6 Qxd6 23. f5 exf5 24. Nxf5 Qc5+ 25. Nd4 Rc8
26. Rf5 h6 27. Qe3 Nf8 28. Qf3 Ne6 29. Rxd5 Nxd4 30. cxd4 Qxc2 31. h4 Qc7 32.
Qe4 {1/2-1/2 Revuelta Capablanca,C-Gilimshin,A/corr Olympiad XV 2003/ICCF
Telechess}) 19... Nc4 20. Nc6 Nxd6 21. exd6 Qxd6 22. c4 $1 $11) 17... Nc4 18.
Rxa8 (18. Qd4 Ng6 19. Rae1 $13) 18... Rxa8 19. Re1 Ng6 $44 20. Bd6 $1 (20. Qd4
Ngxe5 21. Nxe5 Qxe5 22. Qxe5 Nxe5 23. f4 Nc4 24. g4 $15) 20... Nxd6 21. exd6
Qxd6 22. c4 Qc5 $1 $11 {1-0 Nunn,J (2610)-Jussupow,A/Belgrade 1991/ChessBase/
[Yusupov,A] (39)}) 12... b6 (12... h6 13. Bc1 $5 (13. Bf4 $6 Ng6 14. Bg3 Nce7
$1 15. Bd3 c4 16. Be2 Nf5 17. Qd2 Nxg3 18. hxg3 f6 19. exf6 Rxf6 20. Nh2 Raf8
21. f4 Ne7 22. Ng4 Rf5 23. Ne5 R5f6 24. Bg4 Be8 25. Qc1 Nc8 26. Re3 Nd6 {
1/2-1/2 Nunn,J (2605)-Del Rio,S (2400)/Leon 1997/ChessBase (50)}) 13... b6 14.
Ba3 Nb8 15. c4 Bxb5 16. axb5 Nd7 17. cxd5 exd5 18. c4 Rfd8 19. e6 fxe6 20. Rxe6
Nf8 21. Re1 Nfg6 22. Qe2 Kh7 23. Qc2 a6 24. dxc5 axb5 25. cxb6 Qxc4 26. Qxc4
dxc4 27. Bxe7 Nxe7 28. Rxa8 Rxa8 29. b7 {1-0 Kogan,A-Cebrián,J/Aragon t-ch
2004/ChessBase (34)}) 13. dxc5 $5 {Relatively new idea, and , I think, quite
dangerous for black} ({As usual white connected hopes with move} 13. Bd3 {
with chances for attack, but black position is solid and tough.} h6 $1 14. Qc1
(14. Bxh6 $6 gxh6 15. Qd2 Kg7 16. Qf4 Ng8 17. Re3 Qd8 $5 18. Nh4 c4 19. Rg3+
Kh8 20. Qg4 $11 {0-1 Kalegin,E-Kabalija,M/Moscow op-4}) 14... c4 15. Bf1 Qd8
$146 {According to my database, this position appeared for the first time.} (
15... f6 $5 16. g3 Ng6 17. Bg2 fxe5 18. Nxe5 Ngxe5 19. dxe5 Be8 20. f4 Bg6 21.
Qd1 Rad8 22. Bc1 Na5 23. Ba3 Rf7 24. Bh3 Re8 25. Bg4 Qc6 $15 {1/2-1/2 Wedberg,
T-Brynell,S/SWE-ch Gothenburg 2004/(45)}) 16. h4 (16. g3 $5 f6 17. Bg2 Ng6 $13)
16... f6 17. exf6 ({Black would get an easy game in case of} 17. Bf4 Ng6 18.
Bg3 fxe5 19. dxe5 (19. h5 e4 $1) 19... Nge7 {[%cal Ge7f5]}) 17... Rxf6 18. Nh2
(18. Bf4 $5 {[%csl Ge5]}) 18... Qf8 (18... Rf8 $5 19. Ng4 Nf5 20. g3 Qe8 {
[%csl Ra4][%cal Ge8g6]}) 19. Ng4 Rf5 (19... Rf7 $5) 20. Qd1 (20. Bxh6 gxh6 21.
Nxh6+ Kh7 22. Nxf5 Qxf5 $132) 20... Ng6 $5 21. h5 Nge7 22. Qe2 (22. Be2 $5 {
[%csl Gh5]}) 22... Qf7 $1 {1/2-1/2 Del Rio Angelis,S-Lopez Martinez,J/ESP-chB
Seville 2004/CBM 103/[Psakhis] (27) with great position}) 13... bxc5 14. Be3 c4
$5 $146 (14... Nxe5 $143 15. Nxe5 Bxb5 16. axb5 Qxe5 17. Bxc5 Qc7 18. Bxe7 Qxe7
19. Qxd5 $1 Rab8 20. Qe5 Rfc8 21. c4 Qb4 22. Re4 Rb7 $16 {Christiansen,L (2550)
-Gulko,B (2580)/USA-ch Chandler 1997 /ChessBase/1/2-1/2}) 15. Bc5 Rfe8 16. Bd6
Qd8 17. Bxc6 (17. Nd4 $142 Nxd4 $140 18. cxd4 Nf5 19. Bc5 a6 20. Bxd7 Qxd7 21.
a5 $14) 17... Nxc6 18. Nd4 a6 {[%csl Gb5]} 19. Re3 ({Worth consideration} 19.
Qh5 $5 f6 20. Re3 $5 (20. f4 $36) 20... Nxe5 21. Rh3 {temporary sacrificing a
pawn but getting strong attack as a compensation, for example:} h6 22. Rg3 Kh8
(22... Nf7 23. Qg6 Ng5 24. h4 e5 25. hxg5 hxg5 26. Nf3 $16 {[%cal Gf3g5]}) 23.
Bxe5 fxe5 24. Nf3 $36) 19... Ra7 20. Qg4 (20. Qh5 $1 Nxd4 (20... f5 21. Rh3 h6
22. Rg3 $40) 21. cxd4 Qb6 22. Qd1 $5 Rb7 23. a5 $14) 20... f5 $8 {This move
requires courage and accurate calculation.} 21. exf6 (21. Qh5 $5) 21... Qxf6
22. Rf3 {After the move in the game Lputian has to be very careful in order to
be able to keep the balance.} (22. Qh5 Rb7) 22... Ne5 $1 23. Bxe5 Qxe5 24. Re3
(24. a5 $5 Qc7 25. Rg3 $13) 24... Qf6 25. Qg3 ({I think that White rightly
avoided the line} 25. Rae1 e5 26. Qe2 Bxa4 27. Rxe5 Rxe5 28. Qxe5 Qxe5 29. Rxe5
a5 {[%csl Ga5]}) 25... e5 26. Rae1 Bxa4 (26... e4 27. a5 {[%cal Gf2f3]}) 27.
Rxe5 Rxe5 28. Rxe5 Re7 $1 29. f4 $1 Rxe5 30. fxe5 Qg6 31. Qh4 (31. Qxg6 hxg6
32. Kf2 Kf7 33. Ke3 g5 $13) 31... h6 $6 {Black underestimates the danger.} (
31... Qe4 $5 32. Qd8+ (32. Qxe4 $2 dxe4 33. Kf2 a5 34. Ke3 Be8 {[%csl Ga5]})
32... Kf7 33. e6+ Kg6 $11) 32. e6 $2 ({Why not} 32. Qd8+ $5 Kh7 33. Qxd5 Bxc2
34. Qxc4 $16) 32... Bxc2 (32... Qe4 $5) 33. Qd8+ Kh7 34. e7 Ba4 35. Qxd5 Qb1+
36. Kf2 Qb2+ 37. Ne2 Qb6+ 38. Ke1 (38. Qd4 $6 Qxd4+ 39. cxd4 Kg6 $15) 38...
Qb1+ 39. Kf2 Qb6+ 40. Ke1 Qb1+ 41. Kf2 1/2-1/2

[Event "Curacao m2"]
[Site "Curacao"]
[Date "2005.06.17"]
[Round "8"]
[White "Bruzon Batista, Lazaro"]
[Black "Timman, Jan H"]
[Result "1/2-1/2"]
[WhiteElo "2669"]
[BlackElo "2607"]
[Annotator "Psakhis,L"]
[PlyCount "108"]
[EventDate "2005.06.11"]
[EventType "match"]
[EventRounds "8"]
[EventCountry "AHO"]
[SourceTitle "CBM 108"]
[Source "ChessBase"]
[SourceDate "2005.09.26"]
[SourceVersion "1"]
[SourceVersionDate "2005.09.26"]
[SourceQuality "1"]

1. e4 e6 2. d4 d5 3. Nc3 Bb4 4. e5 c5 5. a3 Bxc3+ 6. bxc3 Ne7 7. Nf3 Bd7 8. a4
Qa5 9. Bd2 (9. Qd2 $5) 9... Nbc6 10. Bb5 Qc7 (10... f6 11. exf6 gxf6 12. O-O c4
13. Nh4 O-O-O 14. Qf3 Rdf8 15. Bh6 Rf7 16. Rfe1 Nd8 17. g3 Ng6 18. Ng2 Re8 19.
h4 a6 20. Bxd7+ Kxd7 21. Bc1 Qc7 22. Ba3 $132 {Sulskis,S-Riazantsev,A/Moscow
2002}) (10... a6 $5) 11. O-O h6 (11... O-O 12. Re1 (12. dxc5 Nxe5 13. Bf4 Nxf3+
14. Qxf3 Qc8 15. Bd6 Re8 16. Bd3 Nf5 17. Bxf5 {1/2-1/2 Zelcic,R-Psakhis,L/Bled
Olympiad 2002/The Week in Chess 417}) (12. Bc1 b6 13. Ba3 (13. dxc5 bxc5 14.
Ba3 Na5 $44 {'!?' Psakhis.}) 13... Na5 14. dxc5 Bxb5 15. cxb6 axb6 16. axb5
Rfc8 $44 17. Bb4 (17. Bd6 Qd7 18. Qd4 $2 (18. Nd4 Rxc3 (18... Ng6 19. Qe2 (19.
f4 Nc4 20. Rxa8 Rxa8 21. Qe1 Nxd6 22. exd6 Qxd6 23. f5 exf5 24. Nxf5 Qc5+ 25.
Nd4 Rc8 26. Rf5 h6 27. Qe3 Nf8 28. Qf3 Ne6 29. Rxd5 Nxd4 30. cxd4 Qxc2 31. h4
Qc7 32. Qe4 {1/2-1/2 Revuelta Capablanca,C-Gilimshin,A/corr Olympiad XV 2003/
ICCF Telechess}) 19... Nc4 20. Nc6 Nf4 21. Qf3 Ng6 22. Qe2 h6 {1-0 Ottaviani,
M-Bascetta,B/corr 2001/Telechess CBM 97 (54)}) 19. Bb4 Rc4 $11 20. c3 Rcc8 21.
f4 Nc4 22. Qe2 Ng6 23. g3 Qb7 24. h4 Rxa1 25. Rxa1 Ra8 26. Rxa8+ Qxa8 27. Nc6
Nf8 28. Kh2 Nd7 29. h5 Qa4 30. f5 Qxb5 31. Nd4 Qa4 32. fxe6 Ndxe5 33. exf7+
Nxf7 34. Qg4 h6 {1/2-1/2 Morgado,J-Hyldkrog,L/corr 1997/ChessBase}) 18... Nf5
19. Qxb6 Nc4 $19) (17. Qd4 Nf5 18. Qf4 Qxc3) 17... Nc4 18. Rxa8 (18. Qd4 Ng6
19. Rae1 $13) 18... Rxa8 19. Re1 Ng6 $15 {1-0 Nunn,J-Jussupow,A/Belgrade 1991/
ChessBase}) 12... b6 13. Bd3 (13. dxc5 bxc5 14. Be3 Nxe5 15. Nxe5 Bxb5 16. axb5
Qxe5 17. Bxc5 Qc7 18. Bxe7 Qxe7 19. Qxd5 Rab8 20. Qe5 Rfc8 21. c4 Qb4 22. Re4
Rb7 {1/2-1/2 Christiansen,L-Gulko,B/USA-ch Chandler 1997/ChessBase (41)}) 13...
h6 (13... f6 $6 14. exf6 gxf6 15. Nh4 Rf7 16. Re3 e5 17. Rg3+ Rg7 18. Rxg7+
Kxg7 19. Qh5 $36 {Cabrilo,G-Drasko,M/YUG/1989/0|1/37/}) 14. Qc1 (14. Bxh6 $5
gxh6 15. Qd2 Kg7 16. Qf4 Ng8 17. Re3 Qd8 $5 {N/} (17... Kh8 $5 18. Nh4 Nce7 19.
Rh3 f5 20. g4 Rf7 21. Kh1 Raf8 22. gxf5 $13 {Kurajica,B-Diez Del Corral,J/ESP/
1973/0|1/42/}) 18. Nh4 c4 19. Rg3+ Kh8 20. Qg4 Qg5 21. Qh3 Qd8 22. Qg4 Qg5 23.
Qh3 Qd8 24. f4 $6 (24. Qg4 $11) 24... f5 $1 25. exf6 (25. Ng6+ Kh7 26. Nxf8+
Qxf8 27. Be2 Nce7 $17) 25... Rxf6 26. Ng6+ Rxg6 27. Bxg6 Qf6 {0-1 Kalegin,
E-Kabalija,M/Moscow op-4 (Chekhov) 1996/ChessBase (44)}) 14... c4 15. Be2 (15.
Bf1 Qd8 $146 {According to my database, this position appeared for the first
time.} (15... Kh7 16. g3 f6 17. exf6 Rxf6 18. Ne5 Nxe5 19. dxe5 Rff8 20. a5
bxa5 21. Qa3 Nc6 22. f4 Kg8 $13 {Yagupov,I-Doroshkievich,V/St Petersburg WN
2003/0-1 (64)} 23. Be3 Rfc8 24. Bg2 a4 {0-1 Yagupov,I-Doroshkievich,V/St
Petersburg WN 2003/The Week in Chess 452 (64)}) (15... f6 $5 16. g3 Ng6 (16...
fxe5 17. Nxe5 Nxe5 18. Rxe5 Nc6 19. Re3 (19. Rh5 $6) 19... e5 (19... Rf7 20. f4
$16) 20. Bg2 $1 $16 exd4 (20... e4 21. f3 $1) 21. Bxd5+ Kh8 22. cxd4 Qd6 23.
Bg2 Qxd4 (23... Nxd4 $6 24. Bxa8 Rxa8 25. Bc3 $16) 24. Bc3 Qc5 $2 (24... Qd6 $8
25. Qe1 $16 (25. Qb2 $16) 25... Rae8 26. Rd1 Rxe3 27. Rxd6 Rxe1+ 28. Bxe1) 25.
Re7 $3 Nd4 (25... Qxf2+ 26. Kh1 Rf7 27. Rxf7 $1 Qxf7 28. Qxh6+ Kg8 29. Qd6 $18)
26. Qe3 {1-0 Suetin,A-Kummerow,H/Biel op 1996/Inf 67/[Suetin,A]}) 17. Bg2 fxe5
18. Nxe5 Ngxe5 19. dxe5 Be8 20. f4 Bg6 21. Qd1 Rad8 22. Bc1 Na5 23. Ba3 Rf7 24.
Bh3 Re8 25. Bg4 Qc6 $15 {1/2-1/2 Wedberg,T-Brynell,S/SWE-ch Gothenburg 2004/
(45)}) 16. h4 (16. g3 $5 f6 17. Bg2 Ng6 $13) 16... f6 17. exf6 ({Black would
get an easy game in case of} 17. Bf4 Ng6 18. exf6 (18. Bg3 fxe5 19. dxe5 (19.
h5 e4 $1) 19... Nge7 {[%cal Ge7f5]}) 18... Nxf4 19. Qxf4 Qxf6 $11) 17... Rxf6
18. Nh2 (18. Bf4 $5 {[%csl Ge5]}) 18... Qf8 {In my opinion Black has solved
his opening problems and he has rather comfortable play here.} (18... Rf8 $5
19. Ng4 Nf5 20. g3 Qe8 {[%csl Ra4][%cal Ge8g6]}) 19. Ng4 Rf5 (19... Rf7 $5) 20.
Qd1 ({It is not so easy to assess the positions arising after the sharp} 20.
Bxh6 gxh6 21. Nxh6+ Kh7 22. Nxf5 Qxf5 $132) 20... Ng6 $5 21. h5 Nge7 {This is
a typical manoeuvre for such positions.} 22. Qe2 (22. Be2 $5 {[%csl Gh5]})
22... Qf7 $1 {1/2-1/2 Del Rio Angelis,S-Lopez Martinez,J/ESP-chB Seville 2004/
CBM 103/[Psakhis] (27)}) 15... f6 16. Bf4 Ng6 17. Bg3 fxe5 (17... f5 18. h4 f4
19. Bh2 Rf5 $132 20. g4 fxg3 21. fxg3 Raf8 22. Rf1 Be8 23. Qe3 Qd8 24. Rf2 Nce7
25. Bf1 R5f7 26. Bh3 Nf5 27. Qe2 a5 {1/2-1/2 Nunn,J-Dolmatov,S/Pardubice 1993 
(27)}) 18. dxe5 Nge7 19. Nd4 Nxd4 20. cxd4 Nf5 21. c3 Be8 $132 {Byrne,
R-Kortschnoj,V/Nice 1974}) (11... b6 12. Qe2 Na5 13. Rfb1 O-O 14. Bd3 h6 15.
dxc5 bxc5 16. c4 Nxc4 17. Bxc4 dxc4 18. Qxc4 Rac8 19. Ra3 Ng6 $11) (11... Na5
12. Be2 h6 13. Bc1 cxd4 14. cxd4 Nc4 15. c3 Rc8 16. Nd2 Nxd2 17. Bxd2 O-O 18.
f4 $14 {0-1 Arakhamia,K-Peng Zhaoqin/EUR-chW Dresden 2004/ (35)}) 12. Re1 (12.
g3 O-O 13. Qc1 cxd4 14. cxd4 f6 15. exf6 Rxf6 16. Bf4 Qd8 17. Ne5 Nxe5 18. Bxe5
Rf7 19. Bd3 Nc6 20. Qe3 Nxe5 21. Qxe5 Qf6 22. Qe3 Re7 23. f4 Be8 24. Qe5 Qxe5
25. fxe5 {1/2-1/2 Cseshkovsky,V-Khuzman,A/Sverdlovsk 1987/ChessBase (25)}) (12.
Bc1 $1 Na5 13. Ba3 (13. dxc5 $5 {Naumkin,I; Arkhangelsky,D}) 13... Bxb5 (13...
b6 $5 {} 14. dxc5 bxc5 15. Bxd7+ Qxd7 16. Bxc5 O-O $44) 14. axb5 cxd4 (14...
b6 15. dxc5 bxc5 16. Bxc5 Qxc5 17. Rxa5 Nc6 (17... Qxc3 18. Qa1 $1 $16) 18. Ra4
Qxb5 19. Rg4 $1 $40 {>>}) 15. Bd6 Qb6 (15... Qxc3 $2 16. Ra3 $18) 16. Nxd4 $1 {
 1/4g4} Nc4 $1 (16... Ng6 $2 17. Qh5 { []e6}) 17. Qg4 (17. Bxe7 Kxe7 18. Qg4
g6 $13) 17... g6 18. Rfe1 $5 (18. Nxe6 $2 fxe6 19. Qxe6 Rh7 $1) 18... Kd7 $1
$13 19. Qf4 Rh7 20. Bb4 {1/2-1/2 Savon,V-Naumkin,I/Moskva (op) i52 1991/
ChessBase}) 12... b6 (12... O-O 13. Bc1 (13. Bf4 $6 Ng6 14. Bg3 Nce7 $1 15. Bd3
c4 16. Bxg6 $6 (16. Bf1 Nf5 (16... Qa5 $5)) 16... fxg6 $1 $15 (16... Nxg6 17.
h4 $14) 17. h4 (17. Qd2 g5 {#C5 #CCe8-g6 #A4}) 17... Rf7 18. Qb1 Kh7 19. Qb4
Nf5 20. Bh2 Raf8 {'=/+' Psakhis. Psakhis: '0-1 Byrne,R-Vaganian,R/Moscow 1975 
(31)'} 21. Re2 Bc6 $17 {0-1 Byrne,R-Vaganian,R/Moscow 1975/ChessBase/[Vaganian,
R] (31)}) 13... b6 14. Ba3 Nb8 15. c4 Bxb5 16. axb5 Nd7 17. cxd5 exd5 18. c4
Rfd8 19. e6 fxe6 20. Rxe6 Nf8 21. Re1 Nfg6 22. Qe2 Kh7 23. Qc2 a6 24. dxc5 axb5
25. cxb6 Qxc4 26. Qxc4 dxc4 {1-0 Kogan,A-Cebrián,J/Aragon t-ch 2004/ChessBase 
(33)}) 13. Bd3 (13. Bc1 Na5 14. Bd3 O-O 15. h3 Kh8 16. dxc5 bxc5 17. Nh2 Ng8
18. Ng4 Qd8 19. c4 dxc4 20. Be4 Bc6 21. Qe2 Bxe4 22. Qxe4 Qd5 $132 {Pinkas,
K-Socko,B/Lubniewice 2003}) 13... c4 $146 {This move is definitely better than
the previously played} (13... Nf5 14. Bxf5 exf5 15. c4 Be6 16. cxd5 Bxd5 17. c4
Bxc4 18. Qc2 Bd5 19. Qxf5 cxd4 20. e6 Bxe6 21. Rxe6+ fxe6 22. Qxe6+ Kd8 23. Rc1
Rc8 24. Nxd4 Nxd4 25. Qd5+ Qd7 26. Rxc8+ Kxc8 27. Qa8+ Kc7 28. Bf4+ {1-0
Nygren,D-Kaelveus,J/Avesta 1991/ChessBase (28)}) 14. Bf1 O-O-O {It's clear
that the king isn't going to be safe on the queenside, but opting for the
kingside castle was at least as dangerous.} 15. g3 {'!' Barsky. Barsky: 'The
first step of a typical but very strong plan. White put his bishops on g2 and
a3, his knight is going on e3. After that it will be almost impossible for
Black to get an attack on the king side while White will prepare a knight
sacrifice on d5 or c4. '} (15. Bc1 $5 {[%cal Gc1a3]}) 15... Rdf8 16. Bc1 Rd8 {
Too passive!} ({It is difficult to recommend} 16... g5 17. Ba3 {[%cal Cg5g4,
Cg4f3,Ga4a5]}) ({for Black, but} 16... f6 $5 {was worth consideration, for
example:} 17. exf6 Rxf6 (17... gxf6 18. Bf4 $36) 18. Bf4 (18. Bg2 Rhf8) 18...
Rxf4 19. gxf4 Qxf4 $44 {with reasonable compensation for the exchange}) (16...
f5 $5) 17. Ba3 Be8 18. Bg2 (18. Bd6 Rxd6 19. exd6 Qxd6 $13) 18... Kb8 19. Nd2 (
{I don't think that after} 19. Bd6 Rxd6 20. exd6 Qxd6 {Black would meet real
troubles.}) 19... Nc8 20. Nf1 {[%cal Gf1e3,Gf2f5]} a5 21. Ne3 N6e7 {[%csl Ra4]}
22. Qg4 Rg8 (22... g6 $6 {[%csl Rf6]}) 23. Reb1 Ka7 24. Qf3 (24. f4 $5 g6 $5 {
[%cal Gh6h5]}) 24... Nc6 25. Rb2 {Bruson wants to double his rooks on the
b-file and after that his bishop finally wil penetrate on d6.} Nb8 26. Rab1 Na6
27. Bd6 {Perhaps this move is too ambitious.} Nxd6 ({Timman could also play} 
27... Qc6 28. Rb5 $5 (28. Bc5 $5 bxc5 29. Nxc4 $132) 28... f5 {and it is not
too easy to find how White could increase the pressure.}) (27... Rxd6 $2 28.
exd6 Qxd6 29. Nxc4 $1 $18) 28. Rxb6 Ne4 29. Rb7+ Qxb7 30. Rxb7+ Kxb7 31. Nxc4
Rc8 32. Nd6+ {It's clear now that Bruzon spoiled his advantage.} (32. Nxa5+ Kb6
33. Nb3 Bxa4 34. Qxf7 Ng5 35. Qf4 Rxc3 {and Black is doing fine.}) 32... Nxd6
33. exd6 Nb8 (33... Rf8 $140 $5 34. Bf1 (34. Qg4 Bxa4 35. Qxg7 Bb5 $17) 34...
Kb6 35. Qd3 Nb8 $17) 34. Qd3 Ka7 (34... Bxa4 35. c4 $1 Ka6 36. cxd5+ Bb5 37.
Qe4 a4 38. dxe6 fxe6 $17) (34... Kb6 $142 35. c4 $5 Rxc4 36. Qh7 Rf8 37. Qxg7
Nd7 38. Qxh6 Kc6 $17) {Possibly Timman missed that powerful move destroys a
coordination between black's pieces.} 35. c4 $1 Rxc4 36. Qh7 Rf8 37. Qxg7 Nd7
38. Bf1 {[%csl Rd7,Re8,Rf8] Finally a very unbalanced position has arisen:
despite his extra material Black has serious problems with the development of
his pieces.} Rc8 (38... Rxa4 $2 39. Bb5 Ra1+ 40. Kg2 $18) (38... Rxc2 39. Qxh6
$132) 39. Bb5 Rb8 (39... h5 $5) 40. Bc6 Nb6 $2 (40... Rc8 $5 $11) 41. Qxf8 Bxc6
42. Qxf7+ Ka6 (42... Bd7 43. g4 $5 {[%cal Gf2f4,Gg4g5]}) 43. Qxe6 Bxa4 44. f4 (
44. Qxh6 $16) 44... Bd7 45. Qe2+ (45. Qxh6 a4 {[%csl Ga4]}) 45... Bb5 46. Qf3
Re8 (46... a4 $5 47. g4 Nc4 48. Qxd5 a3 {and pawn a3 is really dangerous.}) 47.
f5 Re1+ 48. Kg2 Rf1 49. Qh5 (49. Qxf1 $4 Bxf1+ 50. Kxf1 a4 51. f6 a3 52. f7 Nd7
$19) 49... Rc1 (49... a4 $5) 50. f6 $6 (50. Qxh6 $142 $5 Rxc2+ 51. Kh3 a4 52.
Qe3 Re2 53. Qa3 {with good chances for a win.}) 50... Rxc2+ 51. Kg1 (51. Kh3 $2
Bf1+ 52. Kg4 (52. Kh4 Rxh2+) 52... Be2+) (51. Kf3 $2 Be2+) 51... Rc1+ 52. Kg2 (
52. Kf2 $2 Rf1+ 53. Kg2 Rxf6 $19) 52... Rc2+ 53. Kg1 Rc1+ 54. Kg2 Rc2+ 1/2-1/2

[Event "GER-ch 74th"]
[Site "Saarbruecken"]
[Date "2002.11.22"]
[Round "1"]
[White "Mueller, Matthias"]
[Black "Huebner, Robert"]
[Result "0-1"]
[WhiteElo "2403"]
[BlackElo "2640"]
[Annotator "Psakhis,L"]
[PlyCount "98"]
[EventDate "2002.11.22"]
[EventType "swiss"]
[EventRounds "9"]
[EventCountry "GER"]
[SourceTitle "CBM 093"]
[Source "ChessBase"]
[SourceDate "2003.04.01"]
[SourceVersion "1"]
[SourceVersionDate "2003.04.01"]
[SourceQuality "1"]

1. e4 e6 2. d4 d5 3. Nc3 Bb4 4. e5 Ne7 5. a3 Bxc3+ 6. bxc3 c5 7. Nf3 Bd7 8. a4
Qa5 9. Bd2 Nbc6 10. Be2 {This old line it is not very popular in modern
practice, at least lat 20-25 years!} O-O-O (10... f6 {is more common move}) 11.
O-O f6 12. c4 Qc7 13. exf6 gxf6 14. cxd5 Nxd5 15. c3 {New move. According to
theory Black keeps equal chances after} Nde7 $5 $146 (15... Rhg8 $5 {for
exmaple} 16. Re1 e5 (16... Nf4 $5 17. Bxf4 Qxf4 18. g3 e5 $132) 17. c4 Bh3 18.
Bf1 Nb6 19. d5 Nxc4 $5 20. dxc6 Qxc6 21. g3 Bxf1 22. Rxf1 e4 $132 {0-1 Mazi,
L-Farago,I/Bled op 1992 (46)}) ({Less convincingly} 15... Nf4 {because of} 16.
Bxf4 Qxf4 17. a5 a6 18. Qb3 Qc7 19. dxc5 e5 20. Nd2 $36 {1-0 Davies,N-Djurhuus,
R/Oslo 1988 (35)}) 16. Re1 (16. dxc5 e5) 16... e5 17. dxe5 Nxe5 18. Nxe5 fxe5
19. Bg5 ({I would prefer} 19. Bc4 $5 $14 {[%cal Gd1e2] with nice game for
white, thank's to couple of strong bishops}) 19... Be6 20. Qc1 Rhg8 21. Bf3 (
21. a5 $5 {[%cal Ga5a6]}) (21. Bf1 $5 $14 {[%csl Gg2]}) 21... Rdf8 {[%cal
Gf8f3]} 22. Be4 Nf5 {[%cal Gf5d6]} 23. g3 Nd6 24. Bg2 Nc4 $5 {[%csl Gc4]} (
24... Rf5 25. Be3) 25. Rb1 ({White had better option - after} 25. f4 $142 $1
Qg7 26. Rb1 b6 $140 27. Qd1 {[%cal Gd1f3] Open character of the position in
combination with strong bishop's pair favour white's chances.}) 25... b6 26. h4
$2 ({Again} 26. f4 $1 {worth consideration}) 26... Qf7 {[%cal Ge6d5]} 27. Be3
Bd5 $17 {Black manage to exchange now light-coloured bishops and he has all
the trumbs in one's hand} 28. Bxd5 Qxd5 {[%csl Re3]} 29. Qd1 Qxd1 30. Rbxd1 Rf3
31. Kg2 Rgf8 {[%cal Gc8c6]} 32. Bf4 (32. Rd5 $5 Kc7 $140 $6 33. Bxc5 $1) 32...
Rxc3 33. Bxe5 Nxe5 34. Rxe5 Rc2 35. Rf1 Rf7 $17 {[%csl Gc5][%cal Gf7c7]
Black's chances are clearly better in th endgame, but White still keeps
reasonable defensive chances.} 36. Re4 {Just lossing so important time} (36. g4
Rc4 {[%cal Gc4g4,Gc4a4]}) ({Clearly stronger will be to play} 36. h5 $5 c4 $140
37. g4 {with sharp game}) 36... c4 37. g4 Rc7 $1 38. g5 c3 39. Kg3 Rd2 {
[%cal Gc3c2,Gd2d1]} 40. Rc1 c2 41. Ree1 a6 $1 {Rest is simple} 42. h5 b5 43.
axb5 axb5 $19 44. g6 hxg6 45. h6 b4 46. Re8+ Kb7 47. Re4 Rd3+ 48. Kf4 b3 49.
Rb4+ Kc8 0-1